000 01997nam0a2200421 4500
001 RU\NLR\bibl\1868955
005 20260408061530.0
010 _a978-5-91076-055-8
_91000
021 _aRU
_b2012-2977
_9217
035 _a(nilc)LIBNET\0000146041
035 _a(NLR Aleph) 001858810
090 _a2502864
_c2502864
100 _a20110708d2011 |||y0rusy50 ca
101 0 _arus
102 _aRU
105 _aa |||||||||
200 1 _a"Поет над Камою гармонь речистая..."
_eпесни из репертуара Осинского народного хора
_f[сост. И.М. Пирогова]
210 _aСанкт-Петербург
_cМаматов
_d2011
215 _a382, [1] с.
_cил., портр., факс.
_d23
300 _aНа тит.л.: Памяти Бориса Капитоновича Брюхова
300 _aПосвящ. 65-летию Осинского народного ансамбля песни и танца "Уральская рябинушка" им. Б.К. Брюхова
327 1 _aСодерж.: разделы: Русские народные песни; Песни советских и уральских композиторов; Частушки, припевки, страдания
601 0 2 _aОсинский народный хор
_92093192
_3RU\NLR\auth\661570275
686 _a84(2Рос=Рус)-53я43
_2rubbk
686 _a82.3(2Рос=Рус)-43я43
_2rubbk
686 _a85.731-6
_2rubbk
686 _aЩ313(2Р=Рус)7-68Осинский хор
686 _aЩ319.41(2)нар.
702 1 _aПирогова
_bИ. М.
_gИя Михайловна
_4220
712 0 2 _4570
_aОсинский народный хор
_3RU\NLR\AUTH\8810205961
_9299472
801 0 _aRU
_bПермская ГОУБ
_c20110708
_grcr
801 1 _aRU
_bПермская ГОУБ
_c20110708
801 2 _aRU
_bNLR
_c20120213
_grcr
942 _cBOOK
980 _aNB
980 _aNBR